000 00596nam a2200193Ia 4500
005 20250508162205.0
008 008 250505s9999 xx 000 0 eng d
037 _aTextual
040 _aFEDL
_beng
_cFEDL
041 _aeng
_2eng
084 _a370.9, BUN
_qFEDL
100 _aBunting J R
_9772540
245 0 _aTo light a candle : Educational problems and opportunities in the developing commonwealth and Britain
260 _aLondon, UK
_bEvans Brothers Limited
_c1976
300 _ax,230p
650 _aEducation
942 _cTEXL
_h370.9, BUN
999 _c1374919
_d1374919